The shape of futures past : the story of prediction /

Bibliographic Details
Main Author: Morgan, Chris
Format: Book
Language:English
Published: Exeter, England : Webb & Bower ; 1980.
Subjects:

MARC

Tag First Indicator Second Indicator Subfields
LEADER 00000cam a2200000 a 4500
001 in00000091890
005 20151008064043.0
008 820317s1980 enka b 00110 eng
010 |a  80140226  
015 |a GB*** 
020 |a 0906671159 (pbk.) :  |c 5.95 
035 |a (OCoLC)07827770 
035 |9 AAK3438AM 
039 0 |a 2  |b 3  |c 3  |d 3  |e 3 
040 |a DLC  |c DLC  |d TXA  |d UtOrBLW 
049 |a TXAS  |c 2 [A08609164]  |a TXAM  |c 1 [1672839] 
050 0 0 |a PN3433.8  |b .M67 
082 0 |a 809.3/876  |2 19 
100 1 |a Morgan, Chris. 
245 1 4 |a The shape of futures past :  |b the story of prediction /  |c Chris Morgan. 
264 1 |a Exeter, England :  |b Webb & Bower ;  |c 1980. 
264 2 |a Leicester :  |b Distributed by WHS Distributors, 
300 |a 208 pages :  |b illustrations ;  |c 24 cm. 
336 |a text  |b txt  |2 rdacontent 
337 |a unmediated  |b n  |2 rdamedia 
338 |a volume  |b nc  |2 rdacarrier 
500 |a Includes index. 
504 |a Bibliography: pages 202-203. 
650 0 |a Science fiction  |x History and criticism. 
650 0 |a Future, The, in literature. 
999 |a MARS 
999 f f |s 1e43ddea-c3fa-3e37-b534-26236dd04491  |i 63d3ef5f-1d20-35ff-880a-1f63bfa67b5a  |t 0 
952 f f |p noncirc  |a Texas A&M University  |b College Station  |c Cushing Memorial Library & Archives  |d Cushing: Science Fiction (Does not check out)  |t 0  |e PN3433.8 .M67  |h Library of Congress classification  |i unmediated -- volume  |m A14808609164 
952 f f |p ric  |a Texas A&M University  |b Rellis Campus  |c Joint Library Facility  |d Remote Storage  |t 0  |e PN3433.8 .M67  |h Library of Congress classification  |i unmediated -- volume  |m A14806178913 
998 f f |a PN3433.8 .M67  |t 0  |l Cushing: Science Fiction (Does not check out) 
998 f f |a PN3433.8 .M67  |t 0  |l Remote Storage